| 000 | 00691nam a22002057a 4500 | ||
|---|---|---|---|
| 005 | 2010081105235.0 | ||
| 010 | _aENG-99590 | ||
| 020 |
_a9788188614226 _c400.00 |
||
| 035 | _aEN-83122 | ||
| 037 | _bDBAD/PUB | ||
| 082 | _a921 | ||
| 100 |
_aArvind Kumar Singh _911177 |
||
| 245 |
_aBal Gangadhar Tilak / _cby Arvind Kumar Singh |
||
| 260 |
_aDelhi _bKunal Pustak Sansar _c2010 |
||
| 270 |
_aL-45 Street No.5, Shivaji Marg Kartar Nagar _bDelhi _e110053 |
||
| 300 |
_a208p _c21cm(Hb) |
||
| 490 |
_aThe builder of modern India _911178 |
||
| 942 |
_2ddc _cEN _h921 _mARV |
||
| 999 |
_c41090 _d41090 |
||